000 00622nam a2200181 i 4500
001 181844
003 ES-MaACL
005 20230906221452.0
007 t|
008 130425s1913 sp ||||1| spa d
110 2 _aHospital Clínic de Barcelona.
_94592
245 1 0 _aHospital Clínico de la Facultad de Medicina de Barcelona
_b: [memoria] Año VII, 1913.
260 _aBarcelona :
_b[s.n.,
_c1913?] (
_fImpr. J. Horta)
300 _a88 p., [2] h. pleg. de gráf. ;
_c24 cm.
594 _aDatos tomados de la cubierta.
610 2 4 _aHospital Clínic de Barcelona-
_vMemorias.
_9148861
852 _aES-MaACL
_jT-1398-F-3
999 _c181844
_d181844